Statistieken voor Grootste eilanden van de wereld

Klik hier om de quiz te nemen!

Algemene statistieken

  • Deze quiz is 82 keer genomen
  • De gemiddelde score is 8 van 26

Antwoordstatistieken

km2Eiland% Correct
587.713Madagaskar
79%
2.130.800Groenland
72%
101.826IJsland
69%
105.806Cuba
66%
67.655Sri Lanka
64%
84.421Ierland
57%
138.794Java
40%
443.066Sumatra
34%
785.753Nieuw Guinea
31%
748.168Borneo
26%
209.331Groot Brittanië
26%
225.800Honshu
26%
78.719Hokkaido
24%
111.583Noordereiland
24%
145.836Zuidereiland
24%
507.451Baffin Eiland
22%
65.022Tasmanië
21%
73.929Hispaniola
19%
108.860Newfoundland
19%
109.965Luzon
17%
180.681Sulawesi
17%
70.028Banks Eiland
16%
196.236Ellesmere Eiland
16%
217.291Victoria Eiland
16%
97.530Mindanao
14%
72.493Sakhalin
10%

Scoreverdeling

Percentiel versus Aantal Correcte Antwoorden

Procent van Mensen met Elke Score

Uw Scoregeschiedenis

U heeft deze quiz nog niet genomen